书目信息 |
| 题名: |
碳纤维生产过程的动态建模与智能控制
|
|
| 作者: | 丁永生 著 | |
| 分册: | ||
| 出版信息: | 北京 科学出版社 2016.6 |
|
| 页数: | 263页 | |
| 开本: | 24cm | |
| 丛书名: | ||
| 单 册: | ||
| 中图分类: | TQ342 | |
| 科图分类: | ||
| 主题词: | 碳纤维--生产过程--系统建模 , 碳纤维--生产过程--智能控制 | |
| 电子资源: | ||
| ISBN: | 978-7-03-048685-1 | |
| 000 | 01019nam0 2200265 450 | |
| 001 | 0400003034 | |
| 005 | 20171021173532.0 | |
| 010 | @a978-7-03-048685-1@dCNY98.00 | |
| 100 | @a20160826e2016 em y0chiy50 ea | |
| 101 | 0 | @achi |
| 102 | @aCN@b110000 | |
| 105 | @aa z 001yy | |
| 106 | @ar | |
| 200 | 1 | @a碳纤维生产过程的动态建模与智能控制@9tan xian wei sheng chan guo cheng de dong tai jian mo yu zhi neng kong zhi@f丁永生[等]著 |
| 210 | @a北京@c科学出版社@d2016.6 | |
| 215 | @a263页@c图@d24cm | |
| 300 | @a信息化与工业化两化融合研究与应用 国家出版基金项目 | |
| 304 | @a著者还有:郝矿荣、任立红、陈磊、徐楠 | |
| 330 | @a本书共10章,第1章介绍了研究背景和相关技术,第2章对碳纤维原丝的制备工艺与生产过程进行了阐述,第3-10章对碳纤维生产过程主要工序的动态建模、智能控制与优化方法进行了详细设计。 | |
| 606 | 0 | @a碳纤维@x生产过程@x系统建模 |
| 606 | 0 | @a碳纤维@x生产过程@x智能控制 |
| 690 | @aTQ342@v5 | |
| 701 | 0 | @a丁永生@9ding yong sheng@4著 |
| 801 | 0 | @aCN@b91MARC@c20171021 |
| 905 | @b1021319-23@dTQ342@f5@e20 | |
| 碳纤维生产过程的动态建模与智能控制/丁永生[等]著.-北京:科学出版社,2016.6 |
| 263页:图;24cm |
| 信息化与工业化两化融合研究与应用 国家出版基金项目 |
| ISBN 978-7-03-048685-1:CNY98.00 |
| 本书共10章,第1章介绍了研究背景和相关技术,第2章对碳纤维原丝的制备工艺与生产过程进行了阐述,第3-10章对碳纤维生产过程主要工序的动态建模、智能控制与优化方法进行了详细设计。 |
| ● |
| 相关链接 |
|
|
|
|
正题名:碳纤维生产过程的动态建模与智能控制
索取号:TQ342/20
 
预约/预借
| 序号 | 登录号 | 条形码 | 馆藏地/架位号 | 状态 | 备注 |
| 1 | 1021319 | 210213197 | 第二样本阅览室/ [索取号:TQ342/20] | 在馆 | |
| 2 | 1021320 | 210213204 | 密集书库-化学系/ [索取号:TQ342/20] | 在馆 | |
| 3 | 1021321 | 210213213 | 第三借阅区/ [索取号:TQ342/20] | 在馆 | |
| 4 | 1021322 | 210213222 | 第三借阅区/ [索取号:TQ342/20] | 在馆 | |
| 5 | 1021323 | 210213231 | 第三借阅区/ [索取号:TQ342/20] | 在馆 |